[Event "Biel"]
[Site "21"]
[Date "1988.07.18"]
[Round "2"]
[White "Ftacnik, Lubomir"]
[Black "Gulko, Boris"]
[Result "0-1"]
[WhiteElo "2590"]
[BlackElo "2590"]
[Annotator "JvR"]
[PlyCount "88"]
[EventDate "1988.07.??"]
[SourceDate "2013.10.27"]

{The twenty-first Schachfestival was played from 17 until 28 vii 1988. Twelve
players carried out eleven rounds.} 1. d4 Nf6 2. c4 g6 3. Nc3 d5 4. cxd5 Nxd5
5. e4 Nxc3 6. bxc3 Bg7 7. Bc4 O-O 8. Ne2 Nc6 9. O-O b6 10. Bg5 Bb7 11. Qd2 Qd6
12. e5 $2 ({Known is} 12. Bh6 Rad8 13. Bxg7 Kxg7) 12... Nxe5 $1 {
Black gains a pawn.} 13. Bb3 ({The pointe is} 13. dxe5 Qc6 14. Bxf7+ Rxf7 15.
f3 Bxe5) 13... Nd7 14. Rad1 Rfe8 15. Qc1 Nf6 16. Bf4 Qc6 17. f3 Nd5 18. Bg3 b5
19. Rf2 Rad8 20. Qa3 Qb6 21. c4 bxc4 22. Bxc4 e5 23. Rff1 Bf8 $1 24. Qa4 Bc6
25. Qb3 Qxb3 26. Bxb3 Bb5 $1 27. Rfe1 Bxe2 28. Rxe2 Nc3 29. Rxe5 Rxe5 30. Bxe5
Nxd1 31. Bxd1 c5 {He has achieved an exchange.} 32. Bf6 Rb8 33. Bb3 Bg7 34.
Bxg7 Kxg7 35. dxc5 Rc8 36. f4 Rxc5 37. Kf2 f6 38. Ke3 g5 39. fxg5 fxg5 40. Ke4
Kf6 41. Kd4 Rf5 42. h3 Rf2 43. Bd5 Rd2+ 44. Kc5 Ke5 {Gulko had an easy day.}
0-1

[Event "Biel"]
[Site "21"]
[Date "1988.07.18"]
[Round "2"]
[White "Kindermann, Stefan"]
[Black "Sokolov, Ivan"]
[Result "0-1"]
[WhiteElo "2525"]
[BlackElo "2570"]
[Annotator "JvR"]
[PlyCount "127"]
[EventDate "1988.07.??"]
[SourceDate "2013.10.27"]

1. e4 e5 2. Nf3 Nc6 3. Bb5 a6 4. Ba4 Nf6 5. O-O Be7 6. Re1 b5 7. Bb3 O-O 8. c3
d5 9. exd5 Nxd5 10. Nxe5 Nxe5 11. Rxe5 c6 12. d4 Bd6 13. Re1 Qh4 14. g3 Qh3 15.
Be3 Bg4 16. Qd3 f5 17. Qf1 Qxf1+ $5 {
Sokolov exchanges the queens in the Marshall.} ({Theory is} 17... Qh5) 18. Kxf1
f4 $1 {Black has the initiative for a pawn.} 19. gxf4 Bxf4 20. Kg1 Bc7 21. Nd2
Rf6 22. Ne4 Rg6 23. Ng3 Rf8 24. Bc2 (24. a4 $1 {counters.}) 24... Bf5 $5 25.
Bxf5 Rxf5 26. Bd2 h5 27. Re4 Bf4 28. Bxf4 Nxf4 {
Black attacks despite the exchanges.} 29. Kf1 Rf8 30. Rd1 $6 (30. Re3 $5 Nh3
31. Kg2 Nf4+ 32. Kf1 {leads to a repetition.}) 30... Nh3 $1 31. Rd2 Ng5 32. Re3
h4 $1 33. Ne4 Nf3 34. Rd1 Nxh2+ {He has regained the pawn.} 35. Ke2 Rf4 36. Rh1
$6 ({More active is} 36. Nc5 $1 Rg2 37. Re8+ Kf7 38. Rf8+ $1 Kxf8 39. Ne6+ Kf7
40. Nxf4) 36... Rg2 37. Kd2 $6 g5 $1 38. Re2 Rf5 $6 (38... g4 $1 {charges.})
39. b3 Kg7 40. c4 bxc4 41. bxc4 Kg6 42. Rb1 $5 h3 43. Rh1 g4 44. Kd3 Kg7 45. c5
$5 Kg6 $5 46. Rb1 Nf3 47. Ng3 h2 $1 48. Rh1 ({The pointe is} 48. Nxf5 Rg1 $1 {
(Fabet).}) 48... Rf4 49. Re4 Kg5 50. Rxf4 Kxf4 51. Ne2+ Kf5 52. Ke3 Kf6 $1 53.
Ng3 Ke6 54. Ne2 Kd7 55. Ng3 a5 56. a4 (56. Kf4 Rxf2 57. Kxg4 Ng1 {
also wins for Black.}) 56... Ng5 57. Nf1 Rg1 $1 58. Ng3 Rg2 59. Nf1 Rg1 60. Ng3
Rxh1 61. Nxh1 Nh3 62. f3 gxf3 63. Kxf3 Ke6 64. Kg4 {
The 20-years-old star showed, how to play an endgame.} 0-1

[Event "Biel"]
[Site "21"]
[Date "1988.07.20"]
[Round "4"]
[White "Chiburdanidze, Maia"]
[Black "Sokolov, Ivan"]
[Result "0-1"]
[WhiteElo "2555"]
[BlackElo "2570"]
[Annotator "JvR"]
[PlyCount "78"]
[EventDate "1988.07.??"]
[SourceDate "2013.10.27"]

1. Nf3 Nf6 2. c4 g6 3. g3 Bg7 4. Bg2 O-O 5. O-O d6 6. Nc3 e5 7. d4 Nbd7 8. e4
a6 9. Re1 Rb8 10. dxe5 $5 dxe5 11. b4 c6 12. h3 Qe7 13. Qb3 b5 14. c5 a5 15. a3
Rd8 16. Bb2 Nf8 $6 17. Rad1 $6 (17. Nxe5 $1 Qxe5 18. Nd5 Qxb2 19. Ne7+ Kh8 20.
Qxb2 {favours White (Sokolov).}) 17... Be6 18. Qc2 a4 19. Nxe5 $1 {
Great complications begin.} Bb3 20. Rxd8 Rxd8 21. Nxc6 $1 Qe8 22. Qe2 Bc4 $5 ({
Or} 22... Qxc6 23. Nxb5) 23. Nxd8 $6 (23. e5 $1 Bxe2 24. exf6 Bxf6 25. Nxd8
Qxd8 26. Rxe2 Ne6 27. Nd5 Bxb2 28. Rxb2 {leads to a white plus.}) 23... Bxe2 {
Black has a material advantage.} 24. Nb7 $6 ({Preferable is} 24. Nxf7 $1 Qxf7
25. Rxe2) 24... Bc4 25. e5 N6d7 26. Nd6 Qe6 27. f4 g5 $2 28. c6 $2 (28. f5 $1
Qe7 29. Nd5 Bxd5 30. Bxd5 Nxe5 31. Bxf7+ Kh8 32. Kf1 {wins for White.}) 28...
gxf4 $1 29. gxf4 Nb6 30. Nce4 Nd5 31. f5 $1 Qh6 32. Nxc4 $2 (32. f6 Qh4 33. Nf2
Nf4 34. Nf5 Qg5 35. Ne7+ Kh8 36. fxg7+ Qxg7 37. Ng4 {continues the fight.})
32... bxc4 33. f6 Qh4 $1 34. Rd1 Bh6 $1 35. Nd6 Ne3 36. Nf5 Nxf5 37. c7 Be3+
38. Kh1 Ng3+ 39. Kh2 Qf4 {Maia battled hard but lost at the end.} 0-1

[Event "Biel"]
[Site "21"]
[Date "1988.07.20"]
[Round "4"]
[White "Romanishin, Oleg"]
[Black "Gulko, Boris"]
[Result "0-1"]
[WhiteElo "2550"]
[BlackElo "2590"]
[Annotator "JvR"]
[PlyCount "104"]
[EventDate "1988.07.??"]
[SourceDate "2013.10.27"]

1. d4 Nf6 2. c4 g6 3. g3 c6 4. Bg2 d5 5. cxd5 cxd5 6. Nf3 Bg7 7. Nc3 O-O 8. Ne5
e6 9. O-O Nfd7 10. Nf3 Nc6 11. h4 $5 ({Usual is} 11. Bf4) 11... Nf6 12. Bf4 Nh5
13. Bg5 f6 14. Be3 f5 15. Qd2 Qd6 16. Nb5 Qb8 17. Bf4 $6 {
The bishop should move to another square.} Nxf4 {
The useless knight is exchanged.} 18. gxf4 Bd7 19. Rfd1 Qd8 20. Qe3 $6 ({
Preferable is} 20. Rac1) 20... Nb4 $1 21. Na3 Rc8 22. Qd2 Qe7 23. Rdc1 Bf6 24.
Rxc8 Rxc8 25. Rc1 $6 Rxc1+ 26. Qxc1 Qd6 $5 27. Qd2 Nxa2 {
Black has gained a pawn.} 28. Ne5 Be8 $1 29. Qc2 Bxe5 30. fxe5 Qc6 31. Qb3 Nc1
32. Qe3 h6 $5 33. Bf1 Kg7 34. Qd2 Qc7 35. Qd1 a5 36. e3 Na2 $1 37. Qd2 Nb4 $1
38. Bb5 Bc6 39. Qc3 Qe7 40. Bxc6 Nxc6 41. Nb5 Qb4 42. Qc5 Qxc5 ({Not} 42...
Qxb2 $4 43. Qb6 $1 {and White draws.}) 43. dxc5 Nxe5 {
Black is going to win the knight ending.} 44. Nd6 Nc6 45. Nxb7 e5 {
The centre is occupied.} 46. Nd6 Kf6 47. Kf1 d4 48. Ne8+ $5 Ke7 49. Nc7 d3 50.
f3 e4 51. Nd5+ Ke6 52. Nf4+ Kf6 {Gulko and I.Sokolov had won two games.} 0-1

[Event "Biel"]
[Site "21"]
[Date "1988.07.22"]
[Round "5"]
[White "Campora, Daniel"]
[Black "Chiburdanidze, Maia"]
[Result "0-1"]
[WhiteElo "2540"]
[BlackElo "2555"]
[Annotator "JvR"]
[PlyCount "86"]
[EventDate "1988.07.??"]
[SourceDate "2013.10.27"]

1. e4 e5 2. Nf3 Nc6 3. Nc3 Nf6 4. Bb5 d6 5. d4 Bd7 6. O-O Be7 7. Re1 exd4 8.
Nxd4 O-O 9. Bxc6 bxc6 10. Qf3 Rb8 11. e5 dxe5 12. Nxc6 Bxc6 13. Qxc6 Qd6 14.
Qf3 c6 $5 (14... Qd4 {was played in Szmetan - Cuasnicu, Quilmes 1980.}) 15. b3
Bd8 $5 16. Bb2 Bc7 17. Ne4 Nxe4 18. Qxe4 f6 19. Rad1 Qc5 20. Rd7 Bb6 $1 21. Re2
Rbd8 22. b4 Qb5 23. Red2 Rxd7 24. Rxd7 Rd8 25. Rxd8+ Bxd8 {
The chances are equal.} 26. a3 Qd5 $1 27. Qe2 $1 {Exchange favours Black.} Qa2
28. Bc1 Bb6 29. Kf1 Bd4 30. Qd2 $2 (30. Qa6 $1 Qxc2 31. Qc8+ Kf7 32. Qd7+ {
leads to perpetual check.}) 30... Kf7 31. Ke2 Qc4+ 32. Qd3 Qxd3+ 33. cxd3 Ke6 {
Black has the initiative in the bishop ending.} 34. f3 Kd5 35. Kd2 $5 f5 36. h3
$5 a6 37. Ke2 Bc3 38. g3 g6 39. f4 $2 (39. Bg5 $1 c5 40. bxc5 Bb2 41. a4 Kxc5
42. Be7+ Kd5 43. Bd8 {defends properly.}) 39... e4 $1 40. Ke3 $2 (40. g4 $1 h5
41. g5 Ba1 42. Ke3 c5 43. bxc5 Bd4+ 44. Kd2 Kxc5 45. Ke2 Kb5 46. a4+ $1 Kb4 $5
47. Bd2+ Kb3 $5 48. dxe4 fxe4 49. Be3 {seems to draw.}) 40... Bd4+ $1 41. Ke2
h5 42. dxe4+ Kxe4 43. h4 {All white pawns stand on the wrong colour.} Kd5 $1 {
The world champion among women penetrates victoriously on the queen- or
kingside.} 0-1

[Event "Biel"]
[Site "21"]
[Date "1988.07.22"]
[Round "5"]
[White "Torre, Eugenio"]
[Black "Romanishin, Oleg"]
[Result "1-0"]
[WhiteElo "2555"]
[BlackElo "2550"]
[Annotator "JvR"]
[PlyCount "91"]
[EventDate "1988.07.??"]
[SourceDate "2013.10.27"]

1. d4 Nf6 2. Nf3 e6 3. c4 c5 4. e3 d6 5. Nc3 Nbd7 6. Be2 a6 7. O-O Be7 8. a3 $5
(8. b3 {happened in Inkiov - Romanishin, Moscow 1986.}) 8... O-O 9. b4 b6 10.
Rb1 Qc7 11. bxc5 dxc5 12. a4 Re8 13. d5 $1 {White takes the initiative.} exd5
14. cxd5 Bd6 15. h3 Ne5 16. Nd2 $1 c4 $6 17. f4 Nd3 18. Nxc4 $1 Nxc1 19. Rxc1 {
White has gained a pawn.} Bd7 $6 (19... Bc5 $1 20. Kh1 Bxe3 {regains the pawn.}
) 20. Nxd6 Qxd6 21. Qd4 $1 Qe7 22. Rf3 Qa3 23. Rb1 Rac8 24. e4 $1 Qc5 25. Rb4
Qa5 26. Rg3 g6 27. Rxb6 $2 {Torre spoils a won position.} Nxe4 $1 28. Nxe4 Rxe4
$1 29. Qxe4 Qxb6+ 30. Kh2 Re8 31. Qc4 Qd6 $6 ({Preferable is} 31... Qf2 $1 32.
Bd3 {(Torre)} Rc8 $1 33. Qb4 a5) 32. Bd3 a5 33. Qd4 Rb8 34. Bb5 Bxb5 35. axb5
Rxb5 36. Rc3 $1 Rb8 37. Rc6 Qd7 38. Ra6 Qb5 39. Ra7 Qb4 40. Qf6 Rf8 41. d6 Qb6
42. Re7 $5 a4 43. Qe5 a3 44. d7 Qc6 $2 {Black misses the hidden escape.} (44...
Qd8 $1 45. f5 $1 a2 46. f6 {(Torre)} h5 $1 47. Kg3 Kh7 48. Kh4 Qa8 $1 49. Qe6
$1 Kh6 $1 50. Qe3+ Kh7 51. Qe6 {leads to a repetition of moves.}) 45. f5 $1
gxf5 46. Re8 $1 {Torre has a mate attack.} (46. Re8 Qxd7 47. Qg3+ {
wins for White.}) 1-0

[Event "Biel"]
[Site "21"]
[Date "1988.07.25"]
[Round "7"]
[White "Sokolov, Ivan"]
[Black "Romanishin, Oleg"]
[Result "1-0"]
[WhiteElo "2570"]
[BlackElo "2550"]
[Annotator "JvR"]
[PlyCount "81"]
[EventDate "1988.07.??"]
[SourceDate "2013.10.27"]

1. d4 Nf6 2. c4 e6 3. Nc3 Bb4 4. e3 b6 5. Nge2 c5 6. d5 O-O 7. a3 Ba5 8. g3 $5
({Known is} 8. Rb1 Na6 9. g3) 8... exd5 9. cxd5 d6 10. Bg2 Ba6 11. Bd2 Re8 12.
Qc2 Qc8 $1 13. Rb1 Bxc3 14. Bxc3 Nbd7 15. Rd1 Ne5 16. h3 Bb5 $1 17. O-O Qa6 {
Black has the initiative.} 18. Bxe5 Rxe5 19. Rfe1 Ba4 20. b3 Bd7 21. Nc3 b5 $1
{Capture of pawn a3 endangers the queen.} 22. Qb2 Rae8 23. b4 Qb6 $5 (23... c4
$1 {increases the advantage.}) 24. bxc5 Qxc5 25. Rc1 Qb6 26. Red1 Rc8 27. Ne2
Rxc1 28. Rxc1 $1 {White gives a pawn for the liberation of his position.} Nxd5
$6 {He should have refused the gift.} 29. Qd4 $1 Qxd4 30. Nxd4 Nf6 $6 ({
Better is} 30... h5 $1 {(Sokolov)} 31. Kh2 $1 Nf6) 31. Rc7 $1 a5 32. Ra7 a4 $2
(32... b4 $1 33. axb4 axb4 34. Rb7 Kf8 {defends solidly (Sokolov).}) 33. Bc6 $1
Be8 $5 34. Rb7 $5 Kf8 $5 35. Bxb5 $5 Rc5 $2 (35... Bxb5 $1 36. Nxb5 Ne4 37. Nd4
g6 38. Rb4 Nc3 {utilises the last chance.}) 36. Rb8 $1 Rc1+ $5 37. Kg2 Rb1 38.
Ra8 Ra1 $2 39. Nf5 $1 Rd1 40. Bxa4 $1 g6 $2 41. Bxd1 {
Sokolov won his third game.} 1-0

[Event "Biel"]
[Site "21"]
[Date "1988.07.28"]
[Round "9"]
[White "Ftacnik, Lubomir"]
[Black "Tukmakov, Vladimir"]
[Result "0-1"]
[WhiteElo "2590"]
[BlackElo "2590"]
[Annotator "JvR"]
[PlyCount "64"]
[EventDate "1988.07.??"]
[SourceDate "2013.10.27"]

1. d4 d5 2. c4 c6 3. Nc3 Nf6 4. e3 e6 5. Nf3 Nbd7 6. Bd3 dxc4 7. Bxc4 b5 8. Bd3
Bb7 9. e4 b4 10. Na4 c5 11. e5 Nd5 12. O-O cxd4 13. Nxd4 Nxe5 14. Bb5+ Nd7 15.
Re1 Rc8 16. Qh5 {This line was popular in the 1980's.} g6 17. Qe5 Qf6 18. Qxf6
$5 ({Known is} 18. Qe4) 18... N5xf6 19. Bg5 Bg7 20. Bxf6 Bxf6 21. Rad1 $2 ({
Right is} 21. Nxe6 $1 fxe6 22. Rxe6+ Kf7 23. Bxd7 Rc7 24. Rd6 {
and White achieves equality (Ftacnik).}) 21... Rc7 22. Nc2 $2 ({Preferable is} 
22. Rd2) 22... Rxc2 23. Rxd7 Ba6 $1 24. Rb7+ Bxb5 25. Rxb5 O-O $1 26. Rxb4 Rd8
$1 {Black has a great positional advantage.} 27. a3 Rdd2 28. Rf4 Bd4 $1 29. Kh1
e5 30. Rf3 e4 31. Rf4 Bxf2 32. Rf1 e3 $1 {Tukmakov won four and lost two games.
} 0-1

[Event "Biel"]
[Site "21"]
[Date "1988.07.30"]
[Round "11"]
[White "Campora, Daniel"]
[Black "Gulko, Boris"]
[Result "0-1"]
[WhiteElo "2540"]
[BlackElo "2590"]
[Annotator "JvR"]
[PlyCount "124"]
[EventDate "1988.07.??"]
[SourceDate "2013.10.27"]

{Sokolov was the sole leader, when the last round began.} 1. e4 e6 2. d4 d5 3.
Nd2 b6 4. Ngf3 Nf6 5. Bb5+ c6 6. Bd3 Ba6 7. Bxa6 Nxa6 8. e5 Nd7 9. O-O c5 10.
c4 Nc7 11. cxd5 $5 Nxd5 12. Ne4 Be7 13. Bg5 O-O 14. Rc1 cxd4 15. Qxd4 Bxg5 16.
Nexg5 h6 17. Ne4 b5 18. Nd6 $5 {The chances are equal.} Qb6 $1 19. Rfe1 $5 Rfd8
20. Qxb6 $2 ({Preferable is} 20. Nf5 $1 {(Gulko)} Nf8 21. Ne3) 20... axb6 $1
21. Nxb5 Rxa2 22. Rc2 Nc5 $1 {He occupies the central area.} 23. Kf1 Nb4 24.
Rce2 Nbd3 25. Rb1 Rda8 $1 26. Na3 Na4 27. Ne1 Nf4 $1 28. Re4 $6 ({
The last chance is} 28. Rd2 Nxb2 29. Rdxb2 Rxb2 30. Rxb2 Rxa3 31. Rxb6 Ra1 32.
Rb3 Nxg2 33. Kxg2 Rxe1 34. f4) 28... Nd5 $1 29. Nac2 Nxb2 $1 {
Black has won a pawn. White has no compensation.} 30. Rd4 Na4 31. f4 Nac3 32.
Rb3 R8a4 33. Rxa4 Rxa4 34. g3 g5 35. fxg5 hxg5 36. Nf3 Ne4 37. Ke2 Nc5 38. Ra3
Re4+ 39. Kd2 g4 40. Nh4 Rxe5 {A second pawn has fallen.} 41. Ng2 Re4 42. Ra8+
Kg7 43. Rb8 Nb3+ 44. Kd3 Nc5+ 45. Kd2 Nd7 46. Rb7 Ne5 47. Nge3 Nc4+ 48. Nxc4
Rxc4 49. Kd3 Rc3+ 50. Kd2 Rc7 51. Rb8 Rc4 52. Rb7 Kg6 53. Ne1 Ra4 54. Nd3 Ra2+
55. Ke1 f6 56. Nf2 f5 57. h3 Ra1+ 58. Ke2 Ra2+ 59. Ke1 f4 $1 60. Nxg4 fxg3 61.
Ne5+ Kf5 62. Nf3 Ke4 {Gulko shared the lead. The final standings became: I.
Sokolov and Gulko 7/11, Tukmakov and Torre 61/2, Nogueiras 6, Kindermann and
Romanishin 51/2, Hort and Chiburdanidze 5, Züger, Campora and Ftacnik 4.} 0-1

[Event "Biel"]
[Site "21-B"]
[Date "1988.07.30"]
[Round "11"]
[White "Cramling, Pia"]
[Black "Anand, Viswanathan"]
[Result "1/2-1/2"]
[WhiteElo "2425"]
[BlackElo "2555"]
[Annotator "JvR"]
[PlyCount "50"]
[EventDate "1988.07.??"]
[SourceDate "2013.10.27"]

{The young Anand made his debut and participated in the mixed group. He
encountered Pia Cramling in the last round.} 1. d4 Nf6 2. c4 e6 3. Nf3 b6 4. a3
Bb7 5. Nc3 d5 6. cxd5 exd5 7. g3 Be7 8. Qa4+ c6 9. Bg2 O-O 10. O-O Nbd7 11. Bf4
Nh5 12. Bd2 Bd6 13. e4 dxe4 14. Nxe4 Bc7 15. Rad1 Re8 $5 ({
Known in the Queen Indian Defence is} 15... Nhf6) 16. Rfe1 {White has an edge.}
h6 $1 17. Bc3 Nhf6 18. Ne5 Nxe4 19. Bxe4 Bxe5 20. dxe5 Qc7 21. Bc2 $5 Nf8 ({Not
} 21... Nxe5 $4 22. Qe4 $1) 22. Rd6 Ne6 23. h4 c5 24. Qg4 $6 (24. Qc4 $1 Rad8
25. Qd3 Nf8 26. Ba4 Rxd6 27. exd6 Rxe1+ 28. Bxe1 Qc8 {continues the battle.})
24... Nd4 $1 25. Be4 Bxe4 {
Anand played quick and superficial, but he was improving fast.} 1/2-1/2

[Event "Biel"]
[Site "22"]
[Date "1989.07.21"]
[Round "3"]
[White "Sokolov, Ivan"]
[Black "Hellers, Ferdinand"]
[Result "1-0"]
[WhiteElo "2525"]
[BlackElo "2560"]
[Annotator "JvR"]
[PlyCount "81"]
[EventDate "1989.07.??"]
[SourceDate "2013.10.27"]

{The twenty-second Schachfestival was played from 19 vii until 4 viii 1989.
Eight men carried out two cycles.} 1. d4 Nf6 2. Nf3 e6 3. Bg5 Be7 4. c4 d5 5.
Nc3 O-O 6. e3 h6 7. Bh4 b6 8. Bd3 Bb7 9. Bxf6 Bxf6 10. cxd5 exd5 11. O-O c5 12.
Rc1 Nd7 13. Bf5 cxd4 $5 ({Usual is the immediate} 13... g6) 14. exd4 g6 15. Bd3
Bg7 16. Qb3 a6 $6 (16... Nb8 $1 17. Ne2 Nc6 {reorganises the black defence.})
17. Rfe1 Rc8 18. a4 Nf6 19. Rcd1 Qd6 20. Ne5 Rc7 21. Re2 Re8 22. f4 Rce7 23.
Bb1 {Sokolov has little advantage.} Ne4 $2 24. Nxe4 dxe4 25. Bxe4 Bxe4 26. Rxe4
{White has gained a pawn.} Qe6 27. Qxe6 Rxe6 28. Kf2 $2 (28. d5 Rd6 {(Sokolov)}
29. Re3 {keeps the edge.}) 28... f6 $1 29. d5 $1 Rd6 $5 30. Nc4 Rxe4 31. Nxd6
Rxf4+ 32. Ke3 Rxa4 33. Nb7 $1 f5 34. d6 Bxb2 35. d7 Re4+ $2 ({Right is} 35...
Bf6 36. Rd6 Bg5+ $1) 36. Kf3 Bf6 37. Rd6 Be7 38. Rxg6+ $1 Kf7 39. Rxb6 Rd4 40.
Nd6+ $1 Kg8 41. Rxa6 {The knight interferes on the effect of the black pieces.}
1-0

[Event "Biel"]
[Site "22"]
[Date "1989.07.26"]
[Round "7"]
[White "Hellers, Ferdinand"]
[Black "Ivanchuk, Vassily"]
[Result "1-0"]
[WhiteElo "2560"]
[BlackElo "2660"]
[Annotator "JvR"]
[PlyCount "95"]
[EventDate "1989.07.??"]
[SourceDate "2013.10.27"]

1. e4 c6 2. d4 d5 3. e5 Bf5 4. Bd3 Bxd3 5. Qxd3 e6 6. Nc3 Ne7 7. Nge2 Nd7 8.
O-O a6 $5 ({Known is} 8... c5) 9. Nd1 $5 c5 10. c3 Rc8 11. Ne3 h5 $5 12. Bd2 g6
13. h3 Qb6 14. b3 Nc6 15. Rac1 cxd4 16. cxd4 Qb5 $1 17. Qxb5 axb5 18. g4 $6 Ra8
{Black is going to charge on both flanks.} 19. Rc2 hxg4 20. hxg4 g5 $6 (20...
Ndxe5 $1 21. dxe5 d4 22. Nc3 dxc3 23. Bxc3 g5 {takes an advantage.}) 21. Ng2 $6
(21. Nd1 Be7 22. Ndc3 {defends properly.}) 21... Be7 22. Be3 Ndb8 23. Ng3 Na6
24. Nh5 $5 Rg8 $5 25. Ra1 b4 26. Ne1 Nc7 27. Nf3 Nb5 28. Kg2 Rg6 29. Rh1 Kd7
30. Nf6+ Rxf6 $2 {There is no need to give material.} ({Right is} 30... Bxf6
31. exf6 {(Hellers)} Kd6 $1 32. Nxg5 Rxf6) 31. exf6 Bxf6 32. Rh7 Rf8 33. Nxg5
Nbxd4 34. Rd2 Ke8 35. Nf3 Nxf3 36. Kxf3 Rg8 37. Kg3 Bc3 38. Rd1 f5 $5 39. f3
fxg4 40. fxg4 Ne5 41. g5 Nf7 42. Kh4 d4 43. Bc1 e5 44. Rf1 Nd8 45. g6 Rxg6 46.
Bg5 Nc6 47. Rff7 d3 48. Rc7 {Hellers has a mate attack.} 1-0

[Event "Biel"]
[Site "22"]
[Date "1989.07.26"]
[Round "7"]
[White "Sokolov, Ivan"]
[Black "Miles, Anthony"]
[Result "0-1"]
[WhiteElo "2525"]
[BlackElo "2580"]
[Annotator "JvR"]
[PlyCount "40"]
[EventDate "1989.07.??"]
[SourceDate "2013.10.27"]

1. d4 d6 2. Nf3 Bg4 3. c4 Nd7 4. e4 e5 5. Be2 Be7 6. d5 Bxf3 7. Bxf3 Bg5 8. Nc3
a5 $5 ({Known is} 8... Nh6) 9. Bxg5 Qxg5 10. O-O Nh6 $5 11. Qb3 $5 Nc5 $5 12.
Qb5+ Ke7 $1 13. Na4 b6 (13... c6 $2 14. Qb6 $1 Nxa4 $2 15. Qxb7+ Kf6 16. Qxc6 {
wins for White.}) 14. Nxc5 bxc5 15. a3 $5 Rhb8 16. Qc6 Kd8 17. h4 ({
The alternative is} 17. b4 $1 axb4 18. axb4 Rxa1 19. Rxa1 Qd2 $1 20. bxc5 Qa2
21. Rd1 Qxc4 22. cxd6 Qxc6 23. dxc6 cxd6 24. Rxd6+ Kc7 {and Black escapes.})
17... Qd2 $1 (17... Qxh4 $5 18. b4 axb4 19. axb4 Rxa1 20. Rxa1 cxb4 21. c5 Ng4
$1 22. Bxg4 Qxg4 23. cxd6 Qd7 {also leads to equality.}) 18. Bd1 $6 Ng8 $1 19.
Ba4 $6 Nf6 20. f4 $4 ({Better is} 20. Rad1 $5 Qe2 $1 21. Rfe1 Qxc4 22. f4)
20... Rxb2 $1 {The sacrifice of a rook leads to a mate attack.} 0-1

[Event "Biel"]
[Site "22"]
[Date "1989.07.27"]
[Round "8"]
[White "Polugaevsky, Lev"]
[Black "Ivanchuk, Vassily"]
[Result "0-1"]
[WhiteElo "2595"]
[BlackElo "2660"]
[Annotator "JvR"]
[PlyCount "96"]
[EventDate "1989.07.??"]
[SourceDate "2013.10.27"]

1. d4 d5 2. c4 c6 3. Nf3 Nf6 4. Nc3 dxc4 5. a4 Bf5 6. e3 e6 7. Bxc4 Bb4 8. O-O
Nbd7 9. Nh4 O-O 10. Nxf5 exf5 11. Qf3 g6 12. h3 Qa5 $5 13. Ne2 ({
The alternative is} 13. Bd2 Ne4 $1 {(Ivanchuk)} 14. Nxe4 $1 fxe4 15. Bxb4 Qxb4
16. Qe2 {and equality.}) 13... Rae8 14. b3 Ne4 15. Ng3 Nd6 16. Bd3 ({Or} 16.
Bb2 $1 Nxc4 17. bxc4 Nb6 18. Rfc1 $1 {(Ivanchuk).}) 16... Nf6 17. Bb2 Nd5 18.
Rfc1 Re7 19. Nf1 $5 Rfe8 20. g4 fxg4 21. hxg4 Bc3 22. Bxc3 Nxc3 23. Ng3 $5 Nde4
$5 24. Nxe4 Nxe4 25. Ra2 $6 ({Preferable is} 25. Bxe4 Rxe4 26. Rc5 Qd8 27. g5)
25... Qg5 $1 26. Kf1 $2 ({Better is} 26. Be2 h5 27. Qg2 h4 28. Rac2) 26... Qd5
$1 27. Kg2 $5 Qxb3 28. Bc4 Qb4 29. Qh3 $5 Nc3 $1 30. Rac2 Qxc4 31. Rxc3 Qd5+
32. Kg3 Qa5 33. Qh4 Re4 34. Qh6 Qc7+ 35. Kf3 f5 $2 36. Rg1 $2 (36. gxf5 Qf7 37.
Qg5 $1 R4e6 38. Rc5 Rf6 39. e4 {fights for survival.}) 36... Qd7 37. gxf5 Qxf5+
38. Ke2 Rxd4 39. Rg5 Qf6 40. Rcc5 Rd2+ $1 41. Kxd2 Qxf2+ 42. Kc1 Qxe3+ {
Black has a mate attack.} 43. Kb2 Qd4+ 44. Rc3 Re2+ 45. Kb3 Qd1+ 46. Ka3 ({Or} 
46. Kb4 Re4+ 47. Rc4 Qb1+) 46... Qa1+ 47. Kb3 Qb1+ 48. Kc4 Re4+ {
Ivanchuk scored an important win.} 0-1

[Event "Biel"]
[Site "22"]
[Date "1989.07.28"]
[Round "9"]
[White "Ivanchuk, Vassily"]
[Black "De Firmian, Nick"]
[Result "1-0"]
[WhiteElo "2660"]
[BlackElo "2595"]
[Annotator "JvR"]
[PlyCount "79"]
[EventDate "1989.07.??"]
[SourceDate "2013.10.27"]

1. d4 Nf6 2. c4 e6 3. Nf3 c5 4. d5 exd5 5. cxd5 d6 6. Nc3 g6 7. e4 Bg7 8. Be2
O-O 9. Nd2 Re8 10. O-O Nbd7 11. Re1 Ne5 12. a4 a6 13. h3 g5 14. Nf1 h6 15. Ne3
$5 ({Usual is} 15. Ng3) 15... Ng6 16. Bd3 Nf4 $6 ({Preferable is} 16... Ne5 {
(Ivanchuk)} 17. Nc4 Nxc4 18. Bxc4 g4) 17. Nc4 $1 Nxd3 18. Qxd3 Nd7 19. f4 {
White charges in the central area.} Nb6 20. Nxb6 Qxb6 21. Qg3 gxf4 $2 ({
More solid is} 21... f6 $1 22. h4 c4+ 23. Kh1 Rf8) 22. Bxf4 Kh7 (22... Qxb2 23.
Rec1 Kh7 24. Rab1 {favours White.}) 23. Bxd6 Qxb2 24. e5 $1 Bf5 25. Ra2 $1 Qb4
26. Rf2 Bg6 27. Rf4 $1 {The attack goes swiftly.} Qb6 $5 28. Ref1 $1 {
White threatens Rxf7!} Kg8 29. Rg4 $1 h5 30. Rxg6 $1 fxg6 31. Qxg6 c4+ 32. Kh2
$1 Rf8 33. Rxf8+ Rxf8 34. Ne4 Rf1 35. Qe6+ Kh8 36. Qe8+ Kh7 ({Or} 36... Bf8 37.
Qxh5+ Kg8 38. Qg4+ Bg7 39. Qe6+ Kh8 40. Qc8+ Kh7 41. Ng5+ Kg6 42. Qe6+) 37.
Ng5+ Kh6 38. Qe6+ $1 Bf6 (38... Kxg5 39. Be7+ Bf6 40. Qxb6 {costs material.})
39. Bf8+ $1 Kxg5 40. Bh6+ $1 {
Black overstepped the time limit. Ivanchuk won beautifully. He took the lead.}
({A pointe is} 40. Bh6+ Kh4 41. g3#) 1-0